16 activitats de mindfulness per a joves i adolescents : COVID-19 COVID-19
Descripción Física:
19 pàgines : il·lustracions ; 30 cm
Colección:
FemTec!
Materias:
Atenció plena
; Adolescents -- Assessorament psicològic
; Joves -- Assessorament psicològic
Idioma:
Catalán
MARC
| LEADER | 00000nam a22000007a 4500 | ||
|---|---|---|---|
| 001 | 25392 | ||
| 008 | 220504b spa||||| |||| 00| 0 cat d | ||
| 017 | |a DL B 20351-2020 | ||
| 080 | |a FU-68-56 | ||
| 245 | |a 16 activitats de mindfulness per a joves i adolescents : |b COVID-19 | ||
| 250 | |a 1a edició | ||
| 260 | |a Barcelona : |b Diputació de Barcelona, |c juliol de 2020 | ||
| 300 | |a 19 pàgines : |b il·lustracions ; |c 30 cm | ||
| 490 | |a FemTec! | ||
| 650 | 0 | |9 52762 |a Atenció plena | |
| 650 | 0 | |9 52763 |a Adolescents |x Assessorament psicològic | |
| 650 | 0 | |9 52764 |a Joves |x Assessorament psicològic | |
| 710 | 1 | |a Barcelona (Catalunya : Província). |b Oficina del Pla Jove |9 52707 | |
| 942 | |2 udc |c ARXIU |n 1 | ||
| 952 | |0 0 |1 0 |4 0 |6 FU6856 |7 1 |9 61472 |a Arxiu |b Arxiu |d 2022-05-04 |l 0 |o FU-68-56 |p 25392 |r 2022-05-04 00:00:00 |w 2022-05-04 |y ARXIU | ||
| 999 | |c 81425 |d 81425 | ||